000 004180000a22001690004500
999 _c47590
_d47590
001 345
003 CO-MdFUSB
005 20170830180131.0
008 170830b xxu||||| |||| 00| 0 eng d
040 _cCO-MdBIC
082 0 4 _a868H C67ae
245 1 0 _aEl Autobús Mágico Se Enciende
260 _a[sl.] Scholastic
300 _a11 p. Español : 11 P. Inglés
505 0 0 _aSeguridad contra incendios
942 _cLGB